Madame de Pompadour und die Künste : [anläßlich der Ausstellung "Madame de Pompadour - l'Art et l'Amour", Kunsthalle der Hypo-Kulturstiftung, München, 14. Juni 2002 bis 15. September 2002]
Saved in:
| Other Authors: | |
|---|---|
| Document Type: | Conference Proceeding Book |
| Language: | German |
| Published: |
München
: Hirmer
, 2002
|
| Subjects: | |
| Online Access: | Rezension Inhaltsverzeichnis Rezension Rezension Inhaltsverzeichnis |
| Related Items: | Rezensiert in:
[Rezension von: Xavier Salmon / Johann Georg Prinz von Hohenzollern (Hrsg.), Madame de Pompadour und die Künste] Rezensiert in: Offizielle Schande, mit Stil [Rezension] Rezensiert in: Liebes Leben einer Rokokokokette [Rezension] |
| Author Notes: | hrsg. von Xavier Salmon ... |
| LEADER | 05745cam a2200973 c 4500 | ||
|---|---|---|---|
| 001 | 349779961 | ||
| 003 | DE-627 | ||
| 005 | 20260420215134.0 | ||
| 007 | tu | ||
| 008 | 020627s2002 gw ||||| c 00| ||ger c | ||
| 015 | |a 02,N28,0569 |2 dnb | ||
| 015 | |a 02,A33,0928 |2 dnb | ||
| 016 | 7 | |a 964630087 |2 DE-101 | |
| 020 | |a 3777494100 |q Gewebe : EUR 55.00, sfr 91.30 |9 3-7774-9410-0 | ||
| 035 | |a (DE-627)349779961 | ||
| 035 | |a (DE-603)105441899 | ||
| 035 | |a (DE-576)099573288 | ||
| 035 | |a (DE-599)DNB964630087 | ||
| 035 | |a (OCoLC)299911802 | ||
| 035 | |a (OCoLC)314140424 | ||
| 035 | |a (OCoLC)299911802 | ||
| 035 | |a (OCoLC)1078744033 | ||
| 035 | |a (OCoLC)237553920 | ||
| 040 | |a DE-627 |b ger |c DE-627 |e rakwb | ||
| 041 | |a ger | ||
| 044 | |c XA-DE |c XA-FR | ||
| 082 | 0 | |a 709.4409033 |2 DDC21oclc | |
| 084 | |a 46 |2 sdnb | ||
| 084 | |a 9,10 |2 ssgn | ||
| 084 | |a LM 10150 |q BVB |2 rvk |0 (DE-625)rvk/101005: | ||
| 084 | |a LM 10160 |2 rvk |0 (DE-625)rvk/101006: | ||
| 084 | |a LH 46170 |2 rvk |0 (DE-625)rvk/93609: | ||
| 084 | |a 15.65 |2 bkl | ||
| 084 | |a 20.24 |2 bkl | ||
| 084 | |a 20.30 |2 bkl | ||
| 084 | |a 21.02 |2 bkl | ||
| 084 | |a 15.23 |2 bkl | ||
| 245 | 0 | 0 | |a Madame de Pompadour und die Künste |b [anläßlich der Ausstellung "Madame de Pompadour - l'Art et l'Amour", Kunsthalle der Hypo-Kulturstiftung, München, 14. Juni 2002 bis 15. September 2002] |c hrsg. von Xavier Salmon ... |
| 246 | 3 | 3 | |a Madame de Pompadour et les arts |
| 264 | 1 | |a München |b Hirmer |c 2002 | |
| 300 | |a 439 S. |b zahlr. Ill. |c 31 cm | ||
| 336 | |a Text |b txt |2 rdacontent | ||
| 336 | |a unbewegtes Bild |b sti |2 rdacontent | ||
| 337 | |a ohne Hilfsmittel zu benutzen |b n |2 rdamedia | ||
| 338 | |a Band |b nc |2 rdacarrier | ||
| 361 | 1 | |5 DE-8 |y 4706000106 |s Rc 9755 |o Sammlung |a Sammlung Hans Eberhard Mayer |0 (DE-588)1359600167 |0 (DE-627)1919647856 | |
| 500 | |a Veränd. und erw. Fassung d. Ausst. "Madame de Pompadour et les arts", Musée National des Chateaux de Versailles et Trianon, 14. Febr. 2002 bis 19. Mai 2002 | ||
| 500 | |a Literaturverz. S. 424 - 435 | ||
| 583 | 1 | |a Archivierung/Langzeitarchivierung gewährleistet |f SSG |x XA-DE-BW |2 pdager |5 DE-16 | |
| 600 | 1 | 7 | |0 (DE-588)11859561X |0 (DE-627)133376400 |0 (DE-576)209070595 |a Pompadour, Jeanne Antoinette Poisson |c marquise de |d 1721-1764 |2 gnd |
| 650 | 0 | 7 | |0 (DE-588)4114333-4 |0 (DE-627)105822957 |0 (DE-576)209483733 |a Kunst |2 gnd |
| 655 | 7 | |a Ausstellungskatalog |y 2002 |z München |0 (DE-588)4135467-9 |0 (DE-627)10566491X |0 (DE-576)209660988 |2 gnd-content | |
| 689 | 0 | 0 | |d p |0 (DE-588)11859561X |0 (DE-627)133376400 |0 (DE-576)209070595 |a Pompadour, Jeanne Antoinette Poisson |c marquise de |d 1721-1764 |2 gnd |
| 689 | 0 | 1 | |d s |0 (DE-588)4114333-4 |0 (DE-627)105822957 |0 (DE-576)209483733 |a Kunst |2 gnd |
| 689 | 0 | |5 DE-101 | |
| 689 | 1 | 0 | |d s |0 (DE-588)4033422-3 |0 (DE-627)106257315 |0 (DE-576)209001933 |a Künste |2 gnd |
| 689 | 1 | |5 (DE-627) | |
| 700 | 1 | |a Salmon, Xavier |d 1966- |e Hrsg. |0 (DE-588)1047361639 |0 (DE-627)77825044X |0 (DE-576)17555241X |4 edt | |
| 710 | 2 | |a Hypo-Kulturstiftung |b Kunsthalle |0 (DE-588)2081944-4 |0 (DE-627)100088953 |0 (DE-576)192497049 |4 oth | |
| 711 | 2 | |a Ausstellung Madame de Pompadour - l'Art et l'Amour |d 2002 |c München |0 (DE-588)10039931-9 |0 (DE-627)34935829X |0 (DE-576)199174709 |4 oth | |
| 787 | 0 | 8 | |i Rezensiert in |a Ruby, Sigrid, 1968 - |t [Rezension von: Xavier Salmon / Johann Georg Prinz von Hohenzollern (Hrsg.), Madame de Pompadour und die Künste] |d 2003 |w (DE-627)1920615075 |
| 787 | 0 | 8 | |i Rezensiert in |a Weisbrod, Andrea, 1966 - |t Offizielle Schande, mit Stil [Rezension] |d 2002 |w (DE-627)1956253289 |
| 787 | 0 | 8 | |i Rezensiert in |a Lovenberg, Felicitas von, 1974 - |t Liebes Leben einer Rokokokokette [Rezension] |d 2002 |w (DE-627)1956253343 |
| 856 | 4 | 2 | |u https://swbplus.bsz-bw.de/bsz099573288rez.htm |m B:DE-576;DE-16 |q application/pdf |v 20081106100545 |x Verlag |3 Rezension |7 1 |
| 856 | 4 | 2 | |u https://swbplus.bsz-bw.de/bsz099573288inh.htm |m B:DE-576;DE-16 |q application/pdf |v 20091022162134 |x Verlag |3 Inhaltsverzeichnis |7 1 |
| 856 | 4 | 2 | |u http://www.sehepunkte.de/2003/03/2396.html |m V:DE-576;X:Sehepunkte |q text/html |v 20180424113611 |3 Rezension |7 1 |
| 856 | 4 | 2 | |u https://scans.hebis.de/HEBCGI/show.pl?10544189_rez.pdf |m V:DE-576;B:DE-16 |q application/pdf |3 Rezension |7 1 |
| 856 | 4 | 2 | |u https://scans.hebis.de/HEBCGI/show.pl?10544189_toc.pdf |m V:DE-604 |q application/pdf |3 Inhaltsverzeichnis |7 1 |
| 935 | |i Blocktest | ||
| 936 | r | v | |a LM 10150 |b Barock, Rokoko |k Kunstgeschichte |k Kunst nach Ländern bzw. Kontinenten |k Frankreich |k Französische Kunstgeschichte einzelner Epochen |k Barock, Rokoko |0 (DE-627)1270944983 |0 (DE-625)rvk/101005: |0 (DE-576)200944983 |
| 936 | r | v | |a LM 10160 |b Klassizismus (sowie 18. und 19. Jahrhundert) |k Kunstgeschichte |k Kunst nach Ländern bzw. Kontinenten |k Frankreich |k Französische Kunstgeschichte einzelner Epochen |k Klassizismus (sowie 18. und 19. Jahrhundert) |0 (DE-627)1271113465 |0 (DE-625)rvk/101006: |0 (DE-576)201113465 |
| 936 | r | v | |a LH 46170 |b München |k Kunstgeschichte |k Allgemeines. Allgemeine Kunstgeschichte |k Ausstellungswesen, Ausstellungskataloge |k Ausstellungskataloge |k Orte M |k München |0 (DE-627)1270651137 |0 (DE-625)rvk/93609: |0 (DE-576)200651137 |
| 936 | b | k | |a 15.65 |j Frankreich |x Geschichte |0 (DE-627)181571641 |
| 936 | b | k | |a 20.24 |j Gesellschaft |j Kultur |x Ikonographie |0 (DE-627)106423622 |
| 936 | b | k | |a 20.30 |j Kunstgeschichte: Allgemeines |0 (DE-627)106410326 |
| 936 | b | k | |a 21.02 |j Geschichte der Malerei |0 (DE-627)106406698 |
| 936 | b | k | |a 15.23 |j Erster Weltkrieg |q coli-conc RVK->BK |q https://coli-conc.gbv.de/api/mappings/97225cdd-1e02-4fad-b80b-cf2c223084ce |0 (DE-627)181571536 |
| 936 | s | n | |a l300 |2 mzub |
| 951 | |a BO | ||
| 990 | |a Pompadour, Jeanne Antoinette Poisson <marquise de> | ||
| 990 | |a Kunst | ||
| 990 | |a Künste | ||
| 991 | |a Rezensiertes Werk | ||
| 999 | |a KXP-PPN349779961 |e 4957218641 | ||


